[Event "Olympiad Women 2024"]
[Site "Budapest HUN"]
[Date "2024.09.18"]
[Round "7.29"]
[White "Padilla Garcia, Cecilia Xasive"]
[Black "Koh, Wei Le Gladys"]
[Result "1-0"]
[WhiteElo "1954"]
[BlackElo "1788"]
[TimeControl "40/5400+30:1800+30\""]
[EventDate "2024.09.11"]
[Board "3"]
[WhiteFideId "5108373"]
[BlackFideId "5820669"]
[WhiteTeam "Mexico"]
[BlackTeam "Singapore"]

1. e4 e5 2. Nf3 Nc6 3. Nc3 Nf6 4. d4 exd4 5. Nd5 h6 6. Nxd4 Bc5 7. Nxc6
bxc6 8. Nxf6+ Qxf6 9. Qd2 O-O 10. Bd3 d5 11. O-O Re8 12. Re1 Bd6 13. exd5
Bd7 14. Be4 cxd5 15. Qxd5 Rad8 16. Bd2 Qxb2 17. Qb3 Qf6 18. Bc3 Bxh2+ 19.
Kxh2 Qh4+ 20. Kg1 Rxe4 21. Rxe4 Qxe4 22. Re1 Qc6 23. Bd4 Be6 24. Qb2 Bd5
25. Re3 f6 26. Rg3 Kh7 27. c3 Re8 28. Qb4 Qe6 29. Qb1+ Be4 30. Qb2 Qf5 31.
Bxa7 Bc6 32. Be3 Rd8 33. Bd4 Re8 34. Be3 Re5 35. c4 Qe4 36. Qe2 Bd7 37. Qb2
Qd3 38. Qc1 Be6 39. Bxh6 Qe2 40. Bxg7 Qe1+ 41. Qxe1 Rxe1+ 42. Kh2 Bxc4 43.
Bxf6 c6 44. a3 Re2 45. Bd4 Bd5 46. Kh3 Kh6 47. Be3+ Kh7 48. Kh4 Ra2 49. Bd4
Kh6 50. Be3+ Kh7 51. Bc5 Rc2 52. Bd4 Rc4 53. Rg7+ Kh6 54. Rg4 Rc2 55. Be3+
Kh7 56. a4 Bc4 57. a5 Ba6 58. Rg5 Rc4+ 59. g4 Ra4 60. Kg3 Bb5 61. Bb6 Kh6
62. Re5 Kg6 63. f4 Kf6 64. Bd8+ Kf7 65. g5 Bf1 66. f5 Ra2 67. g6+ Kg8 68.
Kf4 Rg2 69. Re1 Bd3 70. Bf6 Kf8 71. Rh1 Ke8 72. Rh8+ Kd7 73. Rd8+ 1-0

[Event "Olympiad Women 2024"]
[Site "Budapest HUN"]
[Date "2024.09.18"]
[Round "7.29"]
[White "Fang, Kun"]
[Black "Tec Rodas, Sofia Isavelina"]
[Result "1-0"]
[WhiteElo "1769"]
[BlackElo "1800"]
[TimeControl "40/5400+30:1800+30\""]
[EventDate "2024.09.11"]
[Board "4"]
[WhiteFideId "5819660"]
[BlackFideId "5146402"]
[WhiteTeam "Singapore"]
[BlackTeam "Mexico"]

1. e4 e5 2. Nf3 Nc6 3. Bb5 a6 4. Ba4 Nf6 5. d3 d6 6. c3 Bd7 7. Bb3 Na5 8.
Bc2 g6 9. d4 Nc6 10. O-O Bg7 11. Re1 O-O 12. h3 Nh5 13. Be3 Qe8 14. Nbd2 f5
15. exf5 gxf5 16. Bb3+ Kh8 17. dxe5 dxe5 18. Ng5 Qg6 19. Ndf3 Rad8 20. Nh4
Qe8 21. Bf7 Rxf7 22. Qxh5 Bf6 23. Qxf7 Bxg5 24. Qxe8+ Rxe8 25. Bxg5 Kg8 26.
Rad1 Be6 27. b3 Kf7 28. Nf3 e4 29. Nd4 Ne5 30. Nxe6 Rxe6 31. Be3 Nd3 32.
Rf1 Kg6 33. f3 Ne5 34. fxe4 fxe4 35. Rd4 Nc6 36. Rd7 Ne7 37. Bc5 Nf5 38.
Rxc7 e3 39. Rxb7 1-0

[Event "Olympiad Women 2024"]
[Site "Budapest HUN"]
[Date "2024.09.18"]
[Round "7.30"]
[White "Dornbusch, Tatiana"]
[Black "Ortez, Andrea"]
[Result "1-0"]
[WhiteElo "2212"]
[BlackElo "1948"]
[TimeControl "40/5400+30:1800+30\""]
[EventDate "2024.09.11"]
[Board "1"]
[WhiteFideId "14107449"]
[BlackFideId "6702392"]
[WhiteTeam "Monaco"]
[BlackTeam "El Salvador"]

1. d4 Nf6 2. Nf3 d5 3. g3 e6 4. Bg2 Be7 5. O-O O-O 6. c4 dxc4 7. Qc2 a6 8.
a4 Bd7 9. Bg5 Bc6 10. Qxc4 Nbd7 11. Nc3 h6 12. Bxf6 Nxf6 13. Rfe1 Bxf3 14.
Bxf3 c6 15. a5 Qd6 16. Ra4 Rac8 17. Qb3 Qd7 18. Rd1 Nd5 19. Nb1 Rfd8 20.
Nd2 c5 21. e4 Nf6 22. d5 exd5 23. e5 Nh7 24. Bg4 Qc6 25. Bxc8 Rxc8 26. Raa1
Ng5 27. h4 Ne6 28. Qa4 Qc7 29. Nf3 Rd8 30. Rac1 Rd7 31. b4 c4 32. Rxc4 Qd8
33. Rc2 d4 34. Rdc1 Bf8 35. Rd2 Rd5 36. Rc4 b5 37. axb6 Qxb6 38. Rc6 Qxb4
39. Rxa6 Qc3 40. Qd1 Nc5 41. Rc6 d3 42. Rc8 Qa3 43. Qb1 Ne4 44. Qa2 Qxa2
45. Rxa2 d2 46. Nxd2 Nxd2 47. Raa8 Nf3+ 48. Kg2 Nxe5 49. Rxf8+ Kh7 50. h5
g5 51. Rh8+ Kg7 52. Rag8+ Kf6 53. Rxh6+ Ke7 54. Rxg5 f6 55. Rf5 Rd2 56.
Rhxf6 Ng4 57. Rf7+ Ke6 58. Kh3 1-0

[Event "Olympiad Women 2024"]
[Site "Budapest HUN"]
[Date "2024.09.18"]
[Round "7.30"]
[White "Garcia, Angie"]
[Black "Berezovsky, Fiorina"]
[Result "1-0"]
[WhiteElo "2015"]
[BlackElo "1976"]
[TimeControl "40/5400+30:1800+30\""]
[EventDate "2024.09.11"]
[Board "2"]
[WhiteFideId "6702503"]
[BlackFideId "5400651"]
[WhiteTeam "El Salvador"]
[BlackTeam "Monaco"]

1. e4 c5 2. Nf3 Nc6 3. Bb5 d6 4. Bxc6+ bxc6 5. O-O e5 6. h3 Nf6 7. d3 Be7
8. c4 O-O 9. Nc3 h6 10. Nh2 d5 11. b3 dxe4 12. dxe4 Qc7 13. Qe2 Bd6 14. Nf3
Re8 15. Ba3 Nh5 16. Qe3 Qe7 17. Na4 Qf6 18. Rad1 Nf4 19. Kh2 Qg6 20. Rg1
Bc7 21. Bxc5 Qh5 22. Nd2 Bg4 23. Rde1 Rad8 24. Qg3 f5 25. Nf3 Rd3 26. Be3
Ng6 27. Nc5 Rdd8 28. Na6 Bd6 29. c5 Bb8 30. Nxb8 Rxb8 31. exf5 Bxf5 32. Bd2
Rbd8 33. Bc3 e4 34. Ne5 Nxe5 35. Bxe5 Qf7 36. Bd6 Re6 37. Re3 Rg6 38. Qf4
Qd5 39. g4 Bd7 40. Qxe4 Qf7 41. Qc2 Rf6 42. Bg3 Re8 43. Rge1 Rfe6 44. Qd2
Rxe3 45. Rxe3 h5 46. Rxe8+ Qxe8 47. Qg5 hxg4 48. hxg4 Be6 49. Bd6 Qd7 50.
Kg3 Bd5 51. f4 Qe6 52. Be5 Qd7 53. f5 Kf8 54. Bd6+ Ke8 55. Qh5+ Qf7 56.
Qh8+ Qg8 57. Qxg8+ Bxg8 58. Kf4 Bd5 59. Ke5 Kf7 60. g5 g6 61. fxg6+ Kxg6
62. Be7 Kf7 63. Kd6 Ke8 64. Bf6 a6 65. Kc7 Be4 66. Kb6 Kd7 67. Kxa6 Bb1 68.
a4 Bc2 69. a5 Kc7 70. Be5+ Kd7 71. Kb7 Bxb3 72. a6 1-0

[Event "Olympiad Women 2024"]
[Site "Budapest HUN"]
[Date "2024.09.18"]
[Round "7.30"]
[White "Berezovska, Svetlana"]
[Black "Vasquez Vasquez, Marielos"]
[Result "1-0"]
[WhiteElo "1869"]
[BlackElo "1844"]
[TimeControl "40/5400+30:1800+30\""]
[EventDate "2024.09.11"]
[Board "3"]
[WhiteFideId "5400740"]
[BlackFideId "6705723"]
[WhiteTeam "Monaco"]
[BlackTeam "El Salvador"]

1. e4 c5 2. Nf3 Nc6 3. d4 cxd4 4. Nxd4 g6 5. c4 Bg7 6. Be3 Nf6 7. Nc3 O-O
8. Be2 d6 9. O-O Bd7 10. Nc2 Be6 11. f4 a5 12. Rc1 Rc8 13. a3 Ne8 14. Qd2
f5 15. exf5 Bxf5 16. Bf3 Nf6 17. Nd5 Ne4 18. Bxe4 Bxe4 19. b4 axb4 20. axb4
e5 21. b5 Ne7 22. Bb6 Qd7 23. Nce3 exf4 24. Nxe7+ Qxe7 25. Nd5 Qe5 26. Rxf4
Bxd5 27. Rxf8+ Bxf8 28. Bd4 Qe4 29. Re1 Qxg2+ 30. Qxg2 Bxg2 31. Kxg2 Rxc4
32. Bf2 Rb4 33. b6 Kf7 34. Rc1 Re4 35. Rc7+ Re7 36. Bh4 Ke6 37. Bxe7 Bxe7
38. Rxb7 Bd8 39. Rb8 Bxb6 40. Rxb6 Ke5 41. Kf3 d5 42. Ke3 d4+ 43. Kd3 Kf4
44. Kxd4 Kg4 45. Rb3 g5 46. Ke4 h5 47. Rf3 Kh4 48. Rg3 g4 49. Ke5 Kg5 50.
h3 Kh4 51. hxg4 hxg4 52. Kf4 1-0

[Event "Olympiad Women 2024"]
[Site "Budapest HUN"]
[Date "2024.09.18"]
[Round "7.30"]
[White "Zavala Galindo, Alejandra Beatriz"]
[Black "Dubois, Martine"]
[Result "1-0"]
[WhiteElo "1870"]
[BlackElo "1816"]
[TimeControl "40/5400+30:1800+30\""]
[EventDate "2024.09.11"]
[Board "4"]
[WhiteFideId "6703089"]
[BlackFideId "601926"]
[WhiteTeam "El Salvador"]
[BlackTeam "Monaco"]

1. Nf3 d5 2. g3 Nd7 3. Bg2 e5 4. d3 Ngf6 5. O-O c6 6. c4 Bd6 7. cxd5 cxd5
8. Nc3 O-O 9. e4 d4 10. Nb5 Bb8 11. a4 Nc5 12. b4 Na6 13. Rb1 Re8 14. Na3
Bd7 15. Nc4 b5 16. axb5 Bxb5 17. Na3 Qd7 18. Bg5 Bd6 19. Bxf6 gxf6 20. Nxb5
Qxb5 21. Nh4 Kh8 22. Qh5 Rg8 23. Qxf7 Rg7 24. Qxf6 Be7 25. Qh6 Bxh4 26.
Qxh4 Nxb4 27. f4 a5 28. fxe5 Qxe5 29. Rf5 Qe7 30. Qh5 Nxd3 31. Rxa5 Rxa5
32. Qxa5 Rg8 33. Qd2 Ne5 34. Qxd4 Rd8 35. Qb4 Rd1+ 36. Bf1 Nf3+ 37. Kf2
Rd2+ 38. Be2 Qf6 39. Qb8+ Rd8 40. Qf4 Qd4+ 41. Kxf3 Qc3+ 42. Kg2 Rc8 43.
Rb8 Rxb8 44. Qxb8+ Kg7 45. Qb7+ Kf8 46. Qxh7 1-0

[Event "Olympiad Women 2024"]
[Site "Budapest HUN"]
[Date "2024.09.18"]
[Round "7.31"]
[White "Arakhamia-Grant, Ketevan"]
[Black "Mayorga Araya, Sofia"]
[Result "1/2-1/2"]
[WhiteElo "2263"]
[BlackElo "2059"]
[TimeControl "40/5400+30:1800+30\""]
[EventDate "2024.09.11"]
[Board "1"]
[WhiteFideId "13600168"]
[BlackFideId "6514065"]
[WhiteTeam "Scotland"]
[BlackTeam "Costa Rica"]

1. e4 c5 2. Nf3 d6 3. Bb5+ Nd7 4. O-O a6 5. Bxd7+ Bxd7 6. Re1 e6 7. c3 Nf6
8. d4 cxd4 9. cxd4 d5 10. e5 Ne4 11. Nbd2 Nxd2 12. Bxd2 Be7 13. Qb3 Rb8 14.
Rac1 a5 15. h4 h6 16. h5 b5 17. Nh2 O-O 18. Qg3 Bh4 19. Qg4 Kh8 20. Nf3 Be7
21. Qh3 b4 22. g4 Bb5 23. Nh2 f5 24. exf6 Bxf6 25. Nf3 Bd3 26. Ne5 Bxe5 27.
Rxe5 Be4 28. g5 Rc8 29. Rxc8 Qxc8 30. gxh6 Qc2 31. hxg7+ Kxg7 32. Bh6+ Kh7
33. Bxf8 Qd1+ 34. Kh2 Qh1+ 35. Kg3 Qf3+ 36. Kh4 Qf6+ 37. Kg3 Qf3+ 38. Kh4
Qf6+ 39. Rg5 Qf4+ 40. Qg4 Qh2+ 41. Qh3 Qf4+ 42. Rg4 Qf6+ 43. Kg3 Qf3+ 44.
Kh2 Qh1+ 45. Kg3 Qf3+ 46. Kh4 Qf6+ 47. Rg5 1/2-1/2

[Event "Olympiad Women 2024"]
[Site "Budapest HUN"]
[Date "2024.09.18"]
[Round "7.31"]
[White "Rodriguez Arrieta, Maria Elena"]
[Black "Roy, Ali"]
[Result "0-1"]
[WhiteElo "1941"]
[BlackElo "1961"]
[TimeControl "40/5400+30:1800+30\""]
[EventDate "2024.09.11"]
[Board "2"]
[WhiteFideId "6502911"]
[BlackFideId "2400456"]
[WhiteTeam "Costa Rica"]
[BlackTeam "Scotland"]

1. e4 e6 2. d3 d5 3. Nd2 Nf6 4. Ngf3 c5 5. g3 Nc6 6. Bg2 Be7 7. O-O O-O 8.
e5 Nd7 9. Re1 b5 10. Nf1 a5 11. h4 Ba6 12. Bf4 b4 13. N1h2 Bb5 14. h5 h6
15. Qd2 Rb8 16. Ng4 c4 17. Ne3 c3 18. bxc3 bxc3 19. Qc1 Ba4 20. d4 Qb6 21.
Bh3 Nxd4 22. Nxd4 Qxd4 23. Ng4 Rb2 24. Re2 Nc5 25. Be3 Qc4 26. Qd1 d4 27.
Bf4 d3 28. Re3 Rxc2 29. Qf3 d2 30. Rf1 Rc1 0-1

[Event "Olympiad Women 2024"]
[Site "Budapest HUN"]
[Date "2024.09.18"]
[Round "7.31"]
[White "Cooke, Suzie G."]
[Black "Acevedo Mendez, Jennifer"]
[Result "0-1"]
[WhiteElo "1941"]
[BlackElo "1836"]
[TimeControl "40/5400+30:1800+30\""]
[EventDate "2024.09.11"]
[Board "3"]
[WhiteFideId "414930"]
[BlackFideId "6504442"]
[WhiteTeam "Scotland"]
[BlackTeam "Costa Rica"]

1. d4 d5 2. Bf4 Nf6 3. e3 e6 4. Nd2 Bd6 5. Bg3 O-O 6. Bd3 c5 7. c3 Qc7 8.
Bxd6 Qxd6 9. f4 b5 10. a3 c4 11. Bc2 Bb7 12. Qf3 a5 13. Ne2 Nc6 14. O-O a4
15. Ng3 Na5 16. e4 dxe4 17. Ndxe4 Nxe4 18. Nxe4 Qe7 19. f5 exf5 20. Qxf5
Bxe4 21. Bxe4 g6 22. Qf4 Rad8 23. Rae1 Qd6 24. Qg5 Qd7 25. Bf5 Qd5 26. Re5
Qc6 27. Be4 Qd7 28. Rxb5 h6 29. Qe5 Nb3 30. Rb7 Qg4 31. Bf3 Qc8 32. Rc7 Qb8
33. Re7 Nd2 34. Qxb8 Rxb8 35. Rfe1 Nxf3+ 36. gxf3 Rxb2 37. Ra7 Rb3 38. Rxa4
Rxc3 39. Kg2 Rb8 40. d5 Rb2+ 41. Kg3 Rbb3 42. d6 Rxf3+ 43. Kg2 Rfd3 44.
Rxc4 Rxd6 45. a4 Rd2+ 46. Kg1 Ra2 47. Rf1 Rbb2 48. Rh4 Kg7 49. Kh1 g5 50.
Rg4 Rxh2+ 51. Kg1 Rhb2 52. Rd1 Kg6 53. Rc4 f6 54. Kf1 h5 55. Kg1 g4 56. Rc6
Rxa4 57. Rf1 Raa2 58. Rfxf6+ Kg5 59. Rg6+ Kh4 60. Rc1 Rg2+ 61. Kh1 Rh2+ 62.
Kg1 Rag2+ 63. Kf1 Rh1+ 64. Kxg2 Rxc1 65. Rd6 Rc2+ 66. Kg1 Kh3 67. Rd3+ g3
68. Rd1 h4 69. Rb1 Rg2+ 70. Kh1 Re2 71. Kg1 Kg4 72. Rf1 h3 73. Rb1 Kf3 74.
Rb3+ Re3 75. Rb1 g2 76. Kh2 Kf2 77. Rb2+ Re2 78. Rb1 Re1 79. Rb2+ Kf1 0-1

[Event "Olympiad Women 2024"]
[Site "Budapest HUN"]
[Date "2024.09.18"]
[Round "7.31"]
[White "Canales Chinchilla, Victoria"]
[Black "Bhatia, Kanishka"]
[Result "1/2-1/2"]
[WhiteElo "1826"]
[BlackElo "1908"]
[TimeControl "40/5400+30:1800+30\""]
[EventDate "2024.09.11"]
[Board "4"]
[WhiteFideId "6525490"]
[BlackFideId "2410095"]
[WhiteTeam "Costa Rica"]
[BlackTeam "Scotland"]

1. e4 e6 2. d4 d5 3. Nd2 dxe4 4. Nxe4 Nd7 5. Nf3 Ngf6 6. Bg5 Be7 7. Nxf6+
Nxf6 8. Bd3 O-O 9. Qd2 c5 10. dxc5 Qc7 11. O-O-O b6 12. Bf4 Qxc5 13. Ne5
Bb7 14. Rhg1 Rfd8 15. Qe2 Rac8 16. g4 Nd5 17. Bd2 Ba6 18. c3 Bxd3 19. Nxd3
Qc4 20. Kb1 b5 21. Qf3 Bd6 22. Rge1 a5 23. g5 b4 24. Rc1 Qb5 25. Ne5 Bxe5
26. Rxe5 bxc3 27. Bxc3 Nxc3+ 28. Qxc3 Qd7 29. Rc5 Rxc5 30. Qxc5 Qd3+ 31.
Ka1 a4 32. a3 g6 33. f4 Qd4 34. Qc4 Qd2 35. Rc2 Qa5 36. Rc1 Rb8 37. Qc7 Qb5
38. Rc2 Re8 39. Qc4 Qa5 40. Qc6 Rd8 41. Qc4 e5 42. fxe5 Qxe5 43. h4 Rd4 44.
Qc8+ Kg7 45. Qc3 Rd1+ 46. Ka2 Qxc3 47. Rxc3 Rd4 48. Rh3 h6 49. gxh6+ Kxh6
50. b3 axb3+ 51. Kxb3 f5 52. a4 Kh5 53. a5 Kg4 54. Rh1 f4 55. a6 f3 56. a7
Rd8 57. Rg1+ Kxh4 58. Rxg6 Rf8 59. Rf6 Rxf6 60. a8=Q f2 61. Qe4+ Kg3 62.
Qe5+ Rf4 63. Qg5+ Rg4 64. Qf5 Rf4 65. Qg5+ Kf3 66. Qh5+ Ke3 67. Qe5+ Re4
68. Qf5 Rf4 69. Qe5+ Kf3 70. Qh5+ Rg4 71. Qf5+ Kg3 72. Kc3 Rf4 73. Qg5+ Rg4
74. Qf5 Rf4 1/2-1/2

[Event "Olympiad Women 2024"]
[Site "Budapest HUN"]
[Date "2024.09.18"]
[Round "7.32"]
[White "Castillo Pena, Patricia Evarista"]
[Black "Noshin, Anjum"]
[Result "1/2-1/2"]
[WhiteElo "1928"]
[BlackElo "2085"]
[TimeControl "40/5400+30:1800+30\""]
[EventDate "2024.09.11"]
[Board "1"]
[WhiteFideId "6412106"]
[BlackFideId "10218564"]
[WhiteTeam "Dominican Republic"]
[BlackTeam "Bangladesh"]

1. d4 d5 2. Nf3 Nf6 3. e3 c6 4. Nbd2 Bg4 5. c4 e6 6. h3 Bh5 7. g4 Bg6 8.
Ne5 Nbd7 9. h4 dxc4 10. Bxc4 Nxe5 11. dxe5 Ne4 12. Qb3 Nc5 13. Qc3 Nd3+ 14.
Bxd3 Qxd3 15. Qxd3 Bxd3 16. Nb3 Bb4+ 17. Bd2 Bxd2+ 18. Nxd2 O-O-O 19. Rh2
h5 20. g5 Rd5 21. f4 b6 22. Nb3 c5 23. Rc1 Kb7 24. Nd2 Rhd8 25. Nb1 Bxb1
26. Rxb1 Rd3 27. Re2 g6 28. Rc1 a5 29. Rb1 Kc6 30. Rc1 Kd5 31. Kf2 c4 32.
Rec2 Rc8 33. a4 Rc5 34. Ke2 Rb3 35. Rd1+ Kc6 36. Rd6+ Kc7 37. Rcd2 c3 38.
Rd7+ Kb8 39. bxc3 Rcxc3 40. Rxf7 Rxe3+ 41. Kd1 Red3 42. Ke2 Re3+ 1/2-1/2

[Event "Olympiad Women 2024"]
[Site "Budapest HUN"]
[Date "2024.09.18"]
[Round "7.32"]
[White "Ahmed, Walijah"]
[Black "Diaz Cesar, Wilsaida Pieranlly"]
[Result "0-1"]
[WhiteElo "1936"]
[BlackElo "1900"]
[TimeControl "40/5400+30:1800+30\""]
[EventDate "2024.09.11"]
[Board "2"]
[WhiteFideId "2831193"]
[BlackFideId "6403557"]
[WhiteTeam "Bangladesh"]
[BlackTeam "Dominican Republic"]

1. e4 c5 2. Nf3 e6 3. d4 cxd4 4. Nxd4 Nc6 5. Nc3 Qc7 6. Be3 a6 7. Qd2 Nf6
8. f4 d6 9. Bd3 Bd7 10. O-O-O b5 11. h3 b4 12. Nce2 e5 13. Nf3 a5 14. Kb1
a4 15. g4 Na5 16. g5 Nh5 17. Nc1 Nxf4 18. Bxf4 exf4 19. e5 d5 20. Qxf4 b3
21. cxb3 axb3 22. axb3 Nc6 23. Nd4 Nxd4 24. Qxd4 Qa5 25. Ne2 Bb4 26. Rc1
O-O 27. Kc2 Bc5 28. Qc3 Qb6 29. Kd1 Be3 30. Rb1 Rfc8 31. Bxh7+ Kxh7 32.
Qd3+ g6 33. Ng3 Bxg5 34. h4 Bg4+ 35. Ke1 Qe3+ 36. Qxe3 Bxe3 37. Ne2 Rc2 38.
Nc3 d4 39. Ne4 Bf3 40. Nf6+ Kg7 41. Rh3 Be2 42. Nd5 Bh6 43. Nb4 Bd2+ 44.
Kxe2 Bxb4+ 45. Kd3 Rac8 46. Kxd4 Rd2+ 47. Ke4 Rcd8 48. Re3 R8d4+ 49. Kf3
Rxh4 50. Kg3 Rhh2 51. Rf1 Bc5 52. Ree1 Rdg2+ 53. Kf3 Rxb2 54. Rb1 Rxb3+ 55.
Rxb3 Rh3+ 56. Ke4 Rxb3 57. Rh1 Bb6 58. Kd5 Bc7 0-1

[Event "Olympiad Women 2024"]
[Site "Budapest HUN"]
[Date "2024.09.18"]
[Round "7.32"]
[White "Gonzalez Peguero, Mary Loly"]
[Black "Wadifa, Ahmed"]
[Result "0-1"]
[WhiteElo "1889"]
[BlackElo "1988"]
[TimeControl "40/5400+30:1800+30\""]
[EventDate "2024.09.11"]
[Board "3"]
[WhiteFideId "6421482"]
[BlackFideId "10226869"]
[WhiteTeam "Dominican Republic"]
[BlackTeam "Bangladesh"]

1. c4 c5 2. Nc3 Nc6 3. g3 Nf6 4. Bg2 e6 5. e4 a6 6. d3 Rb8 7. Nf3 d6 8. O-O
Be7 9. h3 Qc7 10. Be3 b5 11. b3 O-O 12. Rc1 Rd8 13. Qe2 Bd7 14. cxb5 axb5
15. d4 cxd4 16. Nxb5 Rxb5 17. Qxb5 dxe3 18. Qa6 exf2+ 19. Rxf2 e5 20. Nh4
g6 21. a3 Qc8 22. Qb6 Qa8 23. a4 Rb8 24. Qe3 Nd4 25. Rc7 Rxb3 26. Qh6 Qxa4
27. Rxf6 Bxf6 28. Nf5 Nxf5 29. exf5 Rxg3 30. fxg6 Rxg6 31. Qe3 Bc6 0-1

[Event "Olympiad Women 2024"]
[Site "Budapest HUN"]
[Date "2024.09.18"]
[Round "7.32"]
[White "Hamid, Rani"]
[Black "Ramirez Luzon, Franchesca"]
[Result "1-0"]
[WhiteElo "1900"]
[BlackElo "1820"]
[TimeControl "40/5400+30:1800+30\""]
[EventDate "2024.09.11"]
[Board "4"]
[WhiteFideId "10200096"]
[BlackFideId "6421792"]
[WhiteTeam "Bangladesh"]
[BlackTeam "Dominican Republic"]

1. e4 c5 2. Nf3 e6 3. d4 cxd4 4. Nxd4 Nf6 5. Nc3 d6 6. Be2 a6 7. O-O b5 8.
Bf3 Nfd7 9. e5 d5 10. Qe2 Be7 11. g3 Qc7 12. Re1 Nb6 13. Bg2 Bb7 14. Qg4 g6
15. h4 N8d7 16. Nf3 Nc4 17. Qf4 b4 18. Nd1 Ndxe5 19. Nxe5 Bd6 20. Qxf7+
Qxf7 21. Nxf7 Kxf7 22. b3 Na3 23. Bxa3 bxa3 24. c4 Rab8 25. Rc1 d4 26. c5
Bxg2 27. cxd6 Bd5 28. Rc7+ Kf6 29. f4 h5 30. Nf2 Rhd8 31. Nd3 Rxd6 32. Ne5
Rb7 33. Rec1 d3 34. Nxd3 Rxc7 35. Rxc7 Bxb3 36. Ne5 Rd1+ 37. Kf2 Kf5 38.
Ke3 Re1+ 39. Kf2 Rh1 40. Rc3 Rh2+ 41. Ke3 Rh3 42. Rxb3 Rxg3+ 43. Nf3 Kg4
44. Ke4 Kh3 45. Rxa3 Kg2 46. Rd3 Kf2 47. a4 Rh3 48. a5 Rh1 49. Rd6 Ra1 50.
Rxa6 Ra3 51. Ng5 Ra4+ 52. Ke5 Kg3 53. Nxe6 Kxh4 54. Nf8 Kg3 55. Nxg6 h4 56.
Nxh4 Kxh4 57. f5 Ra1 58. Rh6+ Kg5 59. Rg6+ Kh5 60. Ra6 Kg5 61. f6 Re1+ 62.
Kd5 Rd1+ 63. Ke6 Re1+ 64. Kf7 Re5 65. Kg7 Kh5 66. f7 Rg5+ 67. Kh7 Rf5 68.
Ra7 Rf6 69. Kg7 Rg6+ 70. Kf8 Kh6 71. Ke8 1-0

[Event "Olympiad Women 2024"]
[Site "Budapest HUN"]
[Date "2024.09.18"]
[Round "7.33"]
[White "Cvitan, Ena"]
[Black "February, Jesse Nikki"]
[Result "1-0"]
[WhiteElo "2259"]
[BlackElo "2013"]
[TimeControl "40/5400+30:1800+30\""]
[EventDate "2024.09.11"]
[Board "1"]
[WhiteFideId "14534215"]
[BlackFideId "14312336"]
[WhiteTeam "Croatia"]
[BlackTeam "South Africa"]

1. d4 d5 2. c4 e6 3. Nc3 a6 4. cxd5 exd5 5. Nf3 h6 6. Bf4 Nf6 7. e3 Bg4 8.
Qb3 Bxf3 9. Qxb7 Nbd7 10. gxf3 Rb8 11. Qxc7 Rxb2 12. Qxd8+ Kxd8 13. a3 g5
14. Bg3 Rc2 15. Na4 Rc6 16. Bd3 Bxa3 17. Rxa3 Rc1+ 18. Kd2 Rxh1 19. Nc5 Ke7
20. Rxa6 Rc8 21. Bf5 Nxc5 22. dxc5 Rd8 23. Bc7 Ne8 24. Bxd8+ Kxd8 25. Ra8+
Ke7 26. Ra7+ Kf6 27. Bd7 Rxh2 28. Bxe8 Rxf2+ 29. Kd3 Ke5 30. Re7+ Kf6 31.
Rxf7+ Ke6 32. Rh7 Rxf3 33. Bd7+ Ke5 34. Re7+ Kf6 35. Re6+ Kf7 36. c6 d4 37.
c7 1-0

[Event "Olympiad Women 2024"]
[Site "Budapest HUN"]
[Date "2024.09.18"]
[Round "7.33"]
[White "Badenhorst, Chloe"]
[Black "Medic, Mirjana"]
[Result "1/2-1/2"]
[WhiteElo "1981"]
[BlackElo "2101"]
[TimeControl "40/5400+30:1800+30\""]
[EventDate "2024.09.11"]
[Board "2"]
[WhiteFideId "14339463"]
[BlackFideId "14501619"]
[WhiteTeam "South Africa"]
[BlackTeam "Croatia"]

1. e4 e6 2. d4 d5 3. e5 c5 4. c3 Nc6 5. Nf3 Bd7 6. Be2 Nge7 7. Na3 cxd4 8.
cxd4 Nf5 9. Nc2 Be7 10. O-O O-O 11. Bd3 f6 12. Bxf5 exf5 13. Re1 Be8 14. e6
g5 15. g3 Bh5 16. Qd3 Bg6 17. Qe2 Re8 18. Bd2 f4 19. Bc3 fxg3 20. hxg3 Bf8
21. Rac1 Bf5 22. Nd2 Rxe6 23. Qf3 Rxe1+ 24. Nxe1 Qd7 25. Ng2 Bg7 26. Ne3
Be6 27. g4 Ne7 28. Ndf1 f5 29. gxf5 Nxf5 30. Nxf5 Bxf5 31. Ng3 Bg6 32. b3
Rf8 33. Qg2 g4 34. Bb2 Rf3 35. Qh2 Bf8 36. Re1 Qf7 37. Bc1 Bb4 38. Re5 Bd6
39. Re1 Bb4 40. Re5 Bd6 41. Re1 Bb4 1/2-1/2

[Event "Olympiad Women 2024"]
[Site "Budapest HUN"]
[Date "2024.09.18"]
[Round "7.33"]
[White "Berke, Ana"]
[Black "Klaasen, Robyn Julian"]
[Result "1-0"]
[WhiteElo "2093"]
[BlackElo "1764"]
[TimeControl "40/5400+30:1800+30\""]
[EventDate "2024.09.11"]
[Board "3"]
[WhiteFideId "14510359"]
[BlackFideId "14305020"]
[WhiteTeam "Croatia"]
[BlackTeam "South Africa"]

1. e4 c5 2. Nf3 g6 3. c4 Nc6 4. d4 cxd4 5. Nxd4 Nf6 6. Nc3 Bg7 7. Be3 d6 8.
Be2 O-O 9. Nb3 a5 10. O-O a4 11. Nd4 a3 12. b3 Nxd4 13. Bxd4 Nd7 14. Rc1
Bxd4 15. Qxd4 b6 16. Bg4 Nc5 17. Bxc8 Rxc8 18. Rfd1 Re8 19. h3 Qc7 20. Rd2
Qb7 21. Qe3 Qc6 22. Kh2 Rcd8 23. f4 Ne6 24. Rcd1 Nc7 25. f5 b5 26. cxb5
Nxb5 27. Nd5 Kg7 28. Rf1 f6 29. Nf4 Nc7 30. fxg6 hxg6 31. Qd3 Kf7 32. e5
Rg8 33. exf6 exf6 34. Rc2 Qd7 35. Rxc7 Qxc7 36. Qd5+ Ke8 37. Qxg8+ Kd7 38.
Qf7+ Kc8 39. Qxc7+ Kxc7 40. Ne6+ 1-0

[Event "Olympiad Women 2024"]
[Site "Budapest HUN"]
[Date "2024.09.18"]
[Round "7.33"]
[White "Strong, Davida"]
[Black "Ivekovic, Tihana"]
[Result "0-1"]
[WhiteElo "1733"]
[BlackElo "2143"]
[TimeControl "40/5400+30:1800+30\""]
[EventDate "2024.09.11"]
[Board "4"]
[WhiteFideId "14333082"]
[BlackFideId "14517825"]
[WhiteTeam "South Africa"]
[BlackTeam "Croatia"]

1. d4 Nf6 2. c4 e6 3. Nc3 Bb4 4. Qc2 d5 5. e3 O-O 6. a3 Bxc3+ 7. bxc3 b6 8.
cxd5 exd5 9. Bd3 Re8 10. Nf3 Nbd7 11. O-O Bb7 12. a4 a6 13. Ba3 c5 14. Qb2
Bc6 15. Bc2 Rb8 16. Rfb1 Ne4 17. Bd1 Qf6 18. Rc1 Nd6 19. Rab1 Nc4 20. Qa2
h6 21. Bb3 Qe6 22. Nd2 Qg6 23. g3 Nf6 24. Bc2 Qg4 25. Nxc4 dxc4 26. Qxc4
Qf3 27. Kf1 Rxe3 0-1